Mois de l'Année - Statistiques

Statistiques générales
  • Ce quiz a été pris 3 031 fois
  • Le résultat moyen est 7 sur 12
Statistiques - réponses
Réponse % Correct
Janvier
93%
Mars
82%
Février
81%
Avril
78%
Mai
76%
Juin
72%
Juillet
63%
Août
54%
Septembre
42%
Octobre
32%
Novembre
21%
Décembre
17%
Aucun quiz correspondant
Distribution des résultats
% des personnes avec chaque résultat
Percentile par nombre de réponses
Votre historique - résultats
Vous n’avez pas pris ce quiz